000 00418nam a2200145Ia 4500
008 231129s2010||||xx |||||||||||||| ||spa||
020 _a978-958-8596-38-9
040 _bspa
082 _aCo861.5 ó69p
100 _aOrjuela Duarte Celedonio
245 0 _aPor el portón salen los ausentes : antologí­a personal
260 _c2010
264 _aCaza de Libros
942 _2ddc
_cBKS
999 _c23048
_d23048